Biological investigations : (Record no. 272)

MARC details
000 -LEADER
fixed length control field 00574nam a2200157 4500
020 ## - INTERNATIONAL STANDARD BOOK NUMBER
ISBN 9780073031415
050 ## - CALL NUMBER
Classification number QH310
Item number .D69
100 ## - AUTHOR
Personal name Dolphin, Warren D
245 ## - TITLE
Title Biological investigations :
Remainder of title form, function, diversity, and process
Statement of responsibility, etc Warren D. Dolphin
250 ## - EDITION
Edition statement 6th ed
260 ## - PUBLICATION INFORMATION
Place of publication Boston :
Name of publisher McGraw Hill,
Year of publication ©2002.
300 ## - DESCRIPTION
Number of Pages xiii, 449 pages :
Other physical details illustrations (some color) ;
Dimensions 28 cm
500 ## - NOTES
General note INCLUDES BIBLIOGRAPHIC REFERENCE
650 ## - SUBJECTS
Topical Term Biology -- Handbooks, manuals, etc.
-- Biology -- Methodology.
General subdivision Biology -- Laboratory manuals.
942 ## - ADDED ENTRY ELEMENTS (KOHA)
Koha item type Books
Holdings
Withdrawn status Lost status Home library Current library Date acquired Full call number Accession Number Koha item type
    Methodist University Library Wenchi Faculty Methodist University Library Wenchi Faculty 18/10/2017 QH310 .D69 29900 Books
    Methodist University Library Wenchi Faculty Methodist University Library Wenchi Faculty 18/10/2017 QH310 .D69 29901 Books
    Methodist University Library Wenchi Faculty Methodist University Library Wenchi Faculty 18/10/2017 QH310 .D69 29902 Books
    Methodist University Library Wenchi Faculty Methodist University Library Wenchi Faculty 18/10/2017 QH310 .D69 29903 Books
    Methodist University Library Wenchi Faculty Methodist University Library Wenchi Faculty 18/10/2017 QH310 .D69 29908 Books
    Methodist University Library Wenchi Faculty Methodist University Library Wenchi Faculty 18/10/2017 QH310 .D69 29909 Books
    Methodist University Library Wenchi Faculty Methodist University Library Wenchi Faculty 18/10/2017 QH310 .D69 29910 Books
    Methodist University Library Wenchi Faculty Methodist University Library Wenchi Faculty 18/10/2017 QH310 .D69 29911 Books
    Methodist University Library Wenchi Faculty Methodist University Library Wenchi Faculty 18/10/2017 QH310 .D69 29912 Books
    Methodist University Library Wenchi Faculty Methodist University Library Wenchi Faculty 18/10/2017 QH310 .D69 29913 Books
    Methodist University Library Wenchi Faculty Methodist University Library Wenchi Faculty 18/10/2017 QH310 .D69 21940 Books
    Methodist University Library Wenchi Faculty Methodist University Library Wenchi Faculty 18/10/2017 QH310 .D69 21941 Books
    Methodist University Library Wenchi Faculty Methodist University Library Wenchi Faculty 18/10/2017 QH310 .D69 21942 Books
    Methodist University Library Wenchi Faculty Methodist University Library Wenchi Faculty 18/10/2017 QH310 .D69 29898 Books
    Methodist University Library Wenchi Faculty Methodist University Library Wenchi Faculty 18/10/2017 QH310 .D69 29899 Books
    Methodist University Library Wenchi Faculty Methodist University Library Wenchi Faculty 18/10/2017 QH310 .D69 29896 Books
Copyright © 2026  MUG Library